000 00600nmm a2200229 a 4500
003 AR-Y00000XR
005 20251128211953.0
008 037020s2002 ||||||||||||||000 | spa||
020 _a950-46-1210-5
040 _cAR-Y00000XR
100 1 _aGvirtz, Silvina
245 1 0 _aImágenes de nuestra escuela
_bArgentina 1900-1960
260 _aBuenos Aires
_bSantillana
_c2002
300 0 _a128 p.
_bfot.
650 4 _aHISTORIA DE LA EDUCACION
650 4 _aSIGLO VEINTE
650 4 _aFOTOGRAFIA
651 4 _aArgentina
700 1 _aAugustowsky, Gabriela Paula
942 _cBK
998 _cines
999 _c21848
_d21848